| 000 | 01533cam a2200253 4500 | ||
|---|---|---|---|
| 001 | X113989 | ||
| 008 | 000000n2001 000 0 eng u | ||
| 035 | _a(Sirsi) u113990 | ||
| 245 | _aDiscain Project Services Ltd v Opecprime Developments Ltd | ||
| 260 | _c2001 | ||
| 490 |
_aBuilding Law Reports _v6 [2001] 285-296(12) |
||
| 520 | _aTCC 11 April 2001. Adjudication - Housing Grants, Construction and Regeneration Act 1996 - Scheme for Construction Contracts (England and Wales) Regulations 1998 - Bias - Natural justice - Unilateral discussions between applicant and adjudicator - Danger of bias - Whether court should enforce award. Copy of judgement available on http://porch.ccta.gov.uk/courtser/judgements.nsf/Search/EF755F9F752FDE1F80256A34005BC423?OpenDocument | ||
| 650 | _aMANAGEMENT-DISPUTE AVOIDANCE, MANAGEMENT AND RESOLUTION-DISPUTE MANAGEMENT AND RESOLUTION-ALTERNATIVE DISPUTE RESOLUTION-ADJUDICATION | ||
| 650 | _aMANAGEMENT-DISPUTE AVOIDANCE, MANAGEMENT AND RESOLUTION-DISPUTE MANAGEMENT AND RESOLUTION-ALTERNATIVE DISPUTE RESOLUTION-ADJUDICATION-ADJUDICATORS | ||
| 650 | _aBIAS | ||
| 650 | _aCOMMUNICATION | ||
| 650 | _aDISCAIN PROJECT SERVICES LTD V OPECPRIME DEVELOPMENT LTD | ||
| 650 | _aIMPARTIALITY | ||
| 650 | _aNATURAL JUSTICE | ||
| 650 | _aTELEPHONES | ||
| 690 | _aMANGEMENT-DISPUTE AVOIDANCE, MANAGEMENT AND RESOLUTION-DISPUTE MANAGEMENT AND RESOLUTION | ||
| 856 | _uhttps://porch.ccta.gov.uk/courtser/judgements.nsf/Search/EF755F9F752FDE1F80256A34005BC423?OpenDocument | ||
| 942 | _n0 | ||
| 999 |
_c101568 _d101568 |
||